Výsledky prvej fázy medzinárodného projektu štatistických úradov o vývoji podnikateľskej sféry krajín strednej a východnej Európy
Panel Peco Project - medzinárodný projekt zameraný na novovzniknuté podniky v krajinách SVE. Štatistický úrad SR sa pripojil k projektu v r. 1994. Aktivita ekonomických subjektov. Predmet podnikania, jeho očakávaný vývoj a veľkosť ekonomického subjektu. Spôsob vzniku podniku, investičná aktivita. Pr...
Gespeichert in:
| 1. Verfasser: | |
|---|---|
| Weitere Verfasser: | |
| Format: | Buchkapitel |
| Sprache: | Slowakisch |
| Schlagworte: | |
| Tags: |
Keine Tags, Fügen Sie das erste Tag hinzu!
|
MARC
| LEADER | 00000naa a2200000 4500 | ||
|---|---|---|---|
| 001 | r027209 | ||
| 005 | 20230921081220.5 | ||
| 041 | 0 | |a slo | |
| 044 | |a SK | ||
| 245 | 1 | 0 | |a Výsledky prvej fázy medzinárodného projektu štatistických úradov o vývoji podnikateľskej sféry krajín strednej a východnej Európy |c Karol Papaj, I. Lieskovský |
| 520 | |a Panel Peco Project - medzinárodný projekt zameraný na novovzniknuté podniky v krajinách SVE. Štatistický úrad SR sa pripojil k projektu v r. 1994. Aktivita ekonomických subjektov. Predmet podnikania, jeho očakávaný vývoj a veľkosť ekonomického subjektu. Spôsob vzniku podniku, investičná aktivita. Príčiny problémov ekonomických subjektov. Charakteristika vlastníkov - manažérov ekonomických subjektov. | ||
| 610 | 2 | 0 | |a podnikanie |
| 610 | 2 | 0 | |a štatistika medzinárodná |
| 610 | 2 | 0 | |a projekty |
| 610 | 2 | 0 | |a SVE |
| 610 | 2 | 0 | |a Panel Peco Project |
| 610 | 2 | 0 | |a veľkosť podnikov |
| 610 | 2 | 0 | |a podnik |
| 610 | 2 | 0 | |a investície |
| 610 | 2 | 0 | |a manažéri |
| 100 | 1 | |a Papaj, Karol | |
| 700 | 1 | |a Lieskovský, Ivan | |